Costa Rica's Provinces [Provincias de Costa Rica] - Estadísticas

Estadísticas generales
  • Esta prueba ha sido intentada 293 veces
  • La puntuación promedio es 6 de 7
Estadísticas de respuestas
Respuesta % Correcto
San Jose
95%
Limón
91%
Heredia
79%
Alajuela
77%
Puntarenas
74%
Cartago
73%
Guanacaste
72%
No se encontraron pruebas coincidentes
Distribución de puntuación
Porcentaje de gente con cada puntuación
Porcentaje por número respondido
Historial de tus puntuaciones
No has intentado esta prueba.